| 000 | 00494nam a22002057a 4500 | ||
|---|---|---|---|
| 003 | koha_MIRAKIL | ||
| 005 | 20231213100130.0 | ||
| 008 | 231213b |||||||| |||| 00| 0 ||| d | ||
| 020 | _b978-9-75263714-6 | ||
| 040 |
_aTR-IsEVY _btur _cTR-IsEVY |
||
| 082 | _a796.334 KOÇ/V | ||
| 100 | _aKoçal, Adem. | ||
| 245 | 0 | _aVarsa yoksa futbol | |
| 250 | _a10. bs. | ||
| 260 |
_bTimaş Yayınları, _c2014 |
||
| 300 | _a159 s. | ||
| 650 | _aFootball. | ||
| 650 | _aFutbol. | ||
| 942 |
_2ddc _cBK |
||
| 999 |
_c15014 _d15014 |
||